| 000 | 00494nam a2200205Ia 4500 | ||
|---|---|---|---|
| 005 | 20240823032247.0 | ||
| 008 | 240823s9999||||xx |||||||||||||| ||und|| | ||
| 020 | _a978-81-7758-2 | ||
| 041 | _aENGLISH | ||
| 082 | _A621.382 Q1 | ||
| 100 | _a"Roddy,Dennis" | ||
| 245 | 0 | _aElectronic Communication | |
| 250 | _a4th | ||
| 260 |
_c2011 _b"Pearson ,Sing" |
||
| 500 | _aYES | ||
| 650 |
_aElectronic Communication _bElectronics |
||
| 700 | _a" Coolen,John" | ||
| 942 | _cBK | ||
| 999 |
_c193032 _d193032 |
||